Statistics for Country Knowledge #128 - New Zealand

Click here to take the quiz!

General Stats

  • This quiz has been taken 54 times
  • The average score is 8 of 18

Answer Stats

HintAnswer% Correct
Largest CityAuckland
95%
CurrencyDollars
95%
CapitalWellington
95%
Stars in Flag4 Stars
85%
Bird Located Only In New ZealandKiwi
83%
Drives on the (____)left
83%
Male Rugby TeamAll Blacks
68%
Highest MountainMount Cook
61%
Maori Name for New ZealandAotearoa
44%
National AnthemGod Defend New Zealand
37%
Female Rugby TeamBlack Ferns
29%
Queen of New ZealandQueen Elizabeth II
27%
GDP Rank53rd
17%
Population Rank126th
12%
Which Eagle Died After Humans Hunted Out The MoaHaast's Eagle
10%
GDP220 Billion
2%
GDP per capita$44,639
2%
Population4.693 Million
2%

Score Distribution

Percentile by Number Answered

Percent of People with Each Score

Your Score History

You have not taken this quiz